02565cam a22004574i 4500003000900000005001700009008004100026020001500067020001800082035002000100040003300120049000900153082002000162100005400182245005500236250002100291264003900312300005600351336002100407337002500428338002300453505106600476526001001542526001001552526001001562526001001572526000801582526000801590526000801598526000801606526000801614526000801622526000801630650004401638942001401682994001401696596000601710999016301716980005501879952017301934PE-LiUPU20250731172858.0150623s2012 miu r 000 0 spa d a0310494745 a9780310494744 a(Sirsi) a165803 aPE-LiUPUbspacPE-LiUPUerda aPRUA04a225.61bG792231 aGundry, Robert H.qRobert Horton,d1932-,eautor.12aA survey of the New Testament /cRobert H. Gundry. aQuinta edición 1aGrand Rapids :bZondervan,c[2012] a588 páginas :bilustraciones ;c24 centímetros. atext2rdacontent aunmediated2rdamedia avolume2rdacarrier0 aPart I : Political, cultural, and religious antecedents. Intertestamental and New Testament historical background -- The mundane settings of the New Testament -- The religious and philosophical settings of the New Testament -- -- Part II : Literary and historical materials. The canon and text of the New Testament -- The study of Jesus' life -- An introductory overview of Jesus' public life and ministry -- -- Part III : The four canonical Gospels and Acts. Mark : an apology for the crucifixion of Jesus -- Matthew : handbook for a mixed church under persecution -- Luke : a promotion of Christianity in the Greco-Roman world at large -- John : believing in Jesus for eternal life -- Acts : a promotion of Christianity in the Greco-Roman world at large (continued from the Gospel of Luke) -- Part IV : The Letters. The early letters of Paul -- The major letters of Paul -- The prison letters of Paul -- The pastoral letters of Paul -- Hebrews : Jesus as priest -- The Catholic, or general, letters -- -- Part V : The Apocalypse. Revelation : Jesus is coming! aSEG42 aSEG41 aSEG40 aSEG39 aP94 aP87 aP86 aP85 aP77 aP76 aP3504aBiblia.pN.T.pEvangeliosxComentarios. 2ddccBOOK aC0bPEPRU a1 a225.61 G79wLCc14552i75166d14552e2018-9-4f2021-11-9g5lCCODEBUL1mBULn3p25.00q3r0sYtBOOKu2017-1-3xTEOLOGIAPP85o.STAFF. Colección TEeología 81gALBERTO SANCHEZ Responsable de Automatización r2025-12-02 00:00:00i6l3o225.61 G79p75166s2018-09-04te1v30.00w2017-01-03xPGyBKzinventario-2023-12-13102ddc50708GENfP85aBULbBULcGENd2017-01-03g25.00